Statystyki dla Który kraj jest większy?

Kliknij tutaj aby rozwiązać quiz!

Ogólne statystyki

  • Ten quiz został rozwiązany 119 506 razy
  • Średni wynik to 13 z 25

Statystyki odpowiedzi

ZagadnienieOdpowiedź% Poprawnych
Słowacja czy SłoweniaSłowacja
84%
Hiszpania czy FrancjaFrancja
73%
Holandia czy ChorwacjaChorwacja
67%
Litwa czy ŁotwaLitwa
67%
Austria czy PortugaliaPortugalia
66%
Węgry czy SerbiaWęgry
64%
Ocean Spokojny czy wszystkie lądy świata?Ocean Spokojny
62%
Szwecja czy FinlandiaSzwecja
62%
Egipt czy NigeriaEgipt
58%
Gruzja czy AzerbejdżanAzerbejdżan
54%
Kenia czy EtiopiaEtiopia
54%
Australia czy BrazyliaBrazylia
53%
Irlandia czy CzechyCzechy
51%
Zambia czy ZimbabweZambia
50%
Grecja czy BułgariaGrecja
48%
Meksyk czy Arabia SaudyjskaArabia Saudyjska
47%
Urugwaj czy ParagwajParagwaj
47%
Włochy czy PolskaPolska
47%
Stany Zjednoczone czy ChinyChiny
43%
Wielka Brytania czy PolskaPolska
43%
Argentyna czy KazachstanArgentyna
39%
Mongolia czy IranIran
38%
Korea Północna czy Kora PołudniowaKorea Północna
38%
Peru czy KolumbiaPeru
38%
Japonia czy Niemcy?Japonia
30%

Rozkład punktacji

Percentyl według liczby udzielonych odpowiedzi

Procent ludzi z każdym wynikiem

Twoja historia wyników

Nie rozwiązałeś tego quizu